[Event "Niederoesterreich Landesliga 1112"]
[Site "Austria"]
[Date "2011.10.02"]
[Round "2"]
[White "Engelhardt, Richard"]
[Black "Amberger, Dieter"]
[Result "1/2-1/2"]
[WhiteElo "2125"]
[BlackElo "2102"]
[PlyCount "52"]
[EventDate "2011.09.18"]
[EventType "team-tourn"]
[EventRounds "11"]
[EventCountry "AUT"]
[SourceTitle "EXT 2022"]
[Source "ChessBase"]
[SourceDate "2021.10.06"]
[SourceVersion "1"]
[SourceVersionDate "2021.10.06"]
[SourceQuality "1"]

1. e4 c5 2. Nf3 Nc6 3. d4 cxd4 4. c3 Nf6 5. e5 Nd5 6. cxd4 d6 7. exd6 Qxd6 8. Be2 Bg4 9. 0-0 e6 10. Nc3 Be7 11. a3 Bf6 12. Ne4 Qe7 13. Nxf6+ Qxf6 14. Bg5 Qg6 15. Qd2 h6 16. Bh4 0-0 17. Bg3 Qf6 18. Rfd1 Rac8 19. b4 a6 20. a4 Qe7 21. b5 Ncb4 22. Rdc1 a5 23. Bh4 Qd6 24. Bg3 Qe7 25. Bh4 Qd6 26. Bg3 Qe7 1/2-1/2

[Event "Niederoesterreich Landesliga 0607"]
[Site "Austria"]
[Date "2006.10.15"]
[Round "3"]
[White "Todor, Razvan"]
[Black "Engelhardt, Richard"]
[Result "1-0"]
[WhiteElo "2152"]
[BlackElo "2174"]
[PlyCount "85"]
[EventDate "2006.09.17"]
[EventType "team-tourn"]
[EventRounds "11"]
[EventCountry "AUT"]
[SourceTitle "EXT 2022"]
[Source "ChessBase"]
[SourceDate "2021.10.06"]
[SourceVersion "1"]
[SourceVersionDate "2021.10.06"]
[SourceQuality "1"]

1. e4 c5 2. Nf3 e6 3. c3 Nf6 4. e5 Nd5 5. g3 d6 6. exd6 Bxd6 7. Bg2 Nc6 8. 0-0 0-0 9. Na3 Be7 10. Nc4 Bf6 11. Re1 b5 12. Nce5 Bb7 13. Nxc6 Bxc6 14. d4 Qb6 15. Bg5 Bxg5 16. Nxg5 cxd4 17. cxd4 Nb4 18. Bxc6 Qxc6 19. a3 Nd5 20. Qd3 g6 21. Rac1 Qb7 22. Rc5 b4 23. a4 Rac8 24. Ne4 Rxc5 25. dxc5 b3 26. Qc4 Rb8 27. c6 Qc7 28. Rc1 Rb4 29. Nf6+ Kh8 30. Qc5 Rb8 31. Nxd5 exd5 32. Qxd5 Kg7 33. Qd4+ f6 34. Qc5 Rd8 35. Qb4 Rb8 36. Qc3 Rb6 37. a5 Ra6 38. Qc4 Rxa5 39. Rd1 Kh6 40. Rd7 Qe5 41. Qh4+ Qh5 42. Qxf6 Qh3 43. Qf4+ 1-0

[Event "Niederoesterreich Landesliga 0607"]
[Site "Austria"]
[Date "2006.10.01"]
[Round "2"]
[White "Engelhardt, Richard"]
[Black "Janetschek, Karl"]
[Result "0-1"]
[WhiteElo "2174"]
[BlackElo "2289"]
[PlyCount "104"]
[EventDate "2006.09.17"]
[EventType "team-tourn"]
[EventRounds "11"]
[EventCountry "AUT"]
[SourceTitle "EXT 2022"]
[Source "ChessBase"]
[SourceDate "2021.10.06"]
[SourceVersion "1"]
[SourceVersionDate "2021.10.06"]
[SourceQuality "1"]

1. Nf3 c5 2. g3 g6 3. Bg2 Bg7 4. 0-0 Nc6 5. d3 d6 6. c4 e5 7. Nc3 Nge7 8. Rb1 0-0 9. a3 f5 10. Qc2 a5 11. Bd2 h6 12. Ne1 g5 13. Nd5 Bd7 14. Bc3 Ra7 15. Qd2 Kh7 16. Nc2 Nxd5 17. Bxd5 Ne7 18. Bg2 Bc6 19. b4 Bxg2 20. Kxg2 axb4 21. axb4 b6 22. Ra1 Qd7 23. Rxa7 Qxa7 24. f3 Qb7 25. Ra1 g4 26. Qe3 d5 27. Bxe5 d4 28. Nxd4 cxd4 29. Bxd4 gxf3+ 30. exf3 f4 31. gxf4 Nf5 32. Qe4 Qxe4 33. fxe4 Nxd4 34. Ra6 Rb8 35. b5 Ne6 36. Kf3 Nc5 37. Ra3 Rd8 38. e5 Nxd3 39. h4 Nc5 40. h5 Rd4 41. Ra7 Ne6 42. Ke3 Rxc4 43. f5 Nc7 44. f6 Bxf6 45. exf6 Kg8 46. Rb7 Nd5+ 47. Kd3 Rc7 48. Rb8+ Kf7 49. Rh8 Nxf6 50. Rxh6 Rc5 51. Rh8 Rxh5 52. Rb8 Rxb5 0-1

[Event "Niederoesterreich Landesliga 0506"]
[Site "Austria"]
[Date "2006.02.19"]
[Round "10"]
[White "Engelhardt, Richard"]
[Black "Semeck, Horst"]
[Result "1-0"]
[WhiteElo "2163"]
[BlackElo "1925"]
[PlyCount "69"]
[EventDate "2005.09.18"]
[EventType "team-tourn"]
[EventRounds "13"]
[EventCountry "AUT"]
[SourceTitle "EXT 2022"]
[Source "ChessBase"]
[SourceDate "2021.10.06"]
[SourceVersion "1"]
[SourceVersionDate "2021.10.06"]
[SourceQuality "1"]

1. g3 d5 2. Bg2 e5 3. d3 Nf6 4. Nf3 Bd6 5. 0-0 0-0 6. Bg5 h6 7. Bxf6 Qxf6 8. Nc3 c6 9. Nd2 Nd7 10. e4 d4 11. Ne2 c5 12. a4 Qe7 13. Nc4 Nf6 14. h3 Bd7 15. f4 Rac8 16. Qd2 Bb8 17. b3 Nh7 18. Rf2 f6 19. Kh2 b5 20. axb5 Bxb5 21. f5 Bxc4 22. dxc4 Rfd8 23. Nc1 Qb7 24. Nd3 Rd6 25. Ra5 Rb6 26. Nxc5 Qe7 27. Nd3 Nf8 28. Rf1 Nd7 29. Rfa1 Nc5 30. Nb4 Qd6 31. Nd5 Rxb3 32. Rxc5 Rxc5 33. cxb3 Kf8 34. Bf1 Rc6 35. b4 1-0

[Event "Niederoesterreich Landesliga 0506"]
[Site "Austria"]
[Date "2005.10.16"]
[Round "3"]
[White "Stanivukovic, Drago"]
[Black "Engelhardt, Richard"]
[Result "1-0"]
[WhiteElo "2080"]
[BlackElo "2163"]
[PlyCount "71"]
[EventDate "2005.09.18"]
[EventType "team-tourn"]
[EventRounds "13"]
[EventCountry "AUT"]
[SourceTitle "EXT 2022"]
[Source "ChessBase"]
[SourceDate "2021.10.06"]
[SourceVersion "1"]
[SourceVersionDate "2021.10.06"]
[SourceQuality "1"]

1. d4 Nf6 2. Bg5 Ne4 3. Bf4 c5 4. f3 Qa5+ 5. c3 Nf6 6. d5 d6 7. e4 b5 8. Nd2 Ba6 9. a4 b4 10. c4 e5 11. dxe6 fxe6 12. g4 e5 13. Be3 Nc6 14. h4 Qc7 15. h5 Qf7 16. Nh3 Bc8 17. Be2 h6 18. Qc2 Be6 19. Nf2 0-0-0 20. a5 a6 21. Rf1 Nh7 22. Nd3 g5 23. hxg6 Qxg6 24. Qa4 Kb7 25. Nb3 Bd7 26. Bxc5 dxc5 27. Nbxc5+ Bxc5 28. Nxc5+ Ka7 29. 0-0-0 Bc8 30. Rd5 Nd4 31. Bd3 Qc6 32. Qxb4 Rxd5 33. exd5 Qc7 34. Na4 Qxa5 35. Qe7+ Bb7 36. Qxe5 1-0

[Event "Niederoesterreich Landesliga 0405"]
[Site "Austria"]
[Date "2004.09.19"]
[Round "1"]
[White "Hardt, Christian"]
[Black "Engelhardt, Richard"]
[Result "0-1"]
[WhiteElo "2036"]
[BlackElo "2159"]
[PlyCount "60"]
[EventDate "2004.09.19"]
[EventType "team-tourn"]
[EventRounds "11"]
[EventCountry "AUT"]
[SourceTitle "EXT 2022"]
[Source "ChessBase"]
[SourceDate "2021.10.06"]
[SourceVersion "1"]
[SourceVersionDate "2021.10.06"]
[SourceQuality "1"]

1. e4 c5 2. Nf3 e6 3. Nc3 a6 4. g3 d5 5. exd5 exd5 6. d4 Nc6 7. Be3 c4 8. Bg2 Bb4 9. 0-0 Bxc3 10. bxc3 Nge7 11. Ne5 0-0 12. Rb1 f6 13. Nxc6 bxc6 14. a4 Nf5 15. Bf4 Re8 16. Qc1 g5 17. Bd2 Nd6 18. Qa3 Bf5 19. Rb2 Re2 20. Rd1 Qe7 21. Bf3 Bh3 22. Rbb1 Re8 23. Qc1 g4 24. Bh1 Ne4 25. Be1 Ng5 26. Bd2 Nf3+ 27. Bxf3 gxf3 28. Be3 Qe6 29. Rb7 Qf5 30. Bd2 Bf1 0-1